[Event "ODJM A 2018"]
[Site "Willingen GER"]
[Date "2018.05.26"]
[Round "9"]
[White "Wübker, Paul-Luca"]
[Black "Möller, Lisa-Marie"]
[Result "1-0"]
[Termination "normal"]
[Board "26"]
[WhiteElo "2132"]
[BlackElo "1865"]
[PlyCount "51"]
[WhiteFideId "12939528"]
[BlackFideId "12959367"]
[EventCountry "GER"]
[EventRounds "9"]
[EventType "swiss"]
[EventDate "2018.05.19"]

1. d4 c5 2. d5 Nf6 3. c4 e6 4. Nc3 exd5 5. cxd5 d6 6. e4 g6 7. Bg5 Bg7 8. Bd3
O-O 9. Nf3 Bg4 10. h3 Bxf3 11. Qxf3 a6 12. a4 Nbd7 13. Qe2 Qc8 14. O-O Re8 15.
f4 Nh5 16. Qf3 Bf6 17. Bxf6 Nhxf6 18. Rae1 c4 19. Bb1 Qc5+ 20. Kh1 Nh5 21. g4
Ng7 22. h4 b5 23. h5 b4 24. Na2 Nf6 25. h6 Qa5 26. hxg7 1-0

[Event "ODJM A 2018"]
[Site "Willingen GER"]
[Date "2018.05.26"]
[Round "9"]
[White "Schallner, Marc"]
[Black "Buhr, Patrick"]
[Result "1-0"]
[Termination "normal"]
[Board "27"]
[WhiteElo "1993"]
[BlackElo "1797"]
[PlyCount "54"]
[WhiteFideId "12971243"]
[BlackFideId "16206436"]
[EventCountry "GER"]
[EventRounds "9"]
[EventType "swiss"]
[EventDate "2018.05.19"]

1. e4 Nf6 2. e5 Nd5 3. d4 d6 4. Nf3 Bg4 5. Be2 e6 6. O-O Nc6 7. c4 Nb6 8. exd6
cxd6 9. d5 exd5 10. cxd5 Bxf3 11. gxf3 Ne5 12. Bb5+ Nbd7 13. f4 Ng6 14. f5 Nge5
15. Qe2 Be7 16. f4 Ng4 17. Bxd7+ Kxd7 18. Qxg4 Qb6+ 19. Kh1 h5 20. Qh3 Bf6 21.
Nc3 Rae8 22. Qd3 Re7 23. Bd2 a6 24. Na4 Qa7 25. Rac1 b5 26. Qc2 Rb8 27. Qc6+
Kd8 1-0

[Event "ODJM A 2018"]
[Site "Willingen GER"]
[Date "2018.05.26"]
[Round "9"]
[White "Elier, Ali"]
[Black "Leser, Stefan"]
[Result "1/2-1/2"]
[Termination "normal"]
[Board "28"]
[WhiteElo "1987"]
[BlackElo "1852"]
[PlyCount "42"]
[WhiteFideId "16217543"]
[BlackFideId "12997706"]
[EventCountry "GER"]
[EventRounds "9"]
[EventType "swiss"]
[EventDate "2018.05.19"]

1. e4 e6 2. d4 d5 3. Nd2 Nf6 4. e5 Nfd7 5. f4 c5 6. c3 Nc6 7. Ndf3 Qb6 8. g3
cxd4 9. cxd4 Bb4+ 10. Kf2 g5 11. fxg5 Ndxe5 12. Kg2 Nxf3 13. Nxf3 Bf8 14. b4
Bg7 15. Be3 e5 16. b5 Nxd4 17. Nxd4 exd4 18. Bf4 Bf5 19. Bd3 Be4+ 20. Kf2 Bxh1
21. Qxh1 O-O 1/2-1/2

[Event "ODJM A 2018"]
[Site "Willingen GER"]
[Date "2018.05.26"]
[Round "9"]
[White "Grunert, Friedrich"]
[Black "Beesk, Kevin"]
[Result "1/2-1/2"]
[Termination "normal"]
[Board "29"]
[WhiteElo "1828"]
[BlackElo "1968"]
[PlyCount "66"]
[WhiteFideId "12995592"]
[BlackFideId "1271882"]
[EventCountry "GER"]
[EventRounds "9"]
[EventType "swiss"]
[EventDate "2018.05.19"]

1. e4 c5 2. Nf3 a6 3. c3 e6 4. d4 d5 5. exd5 Qxd5 6. Bd3 Nf6 7. O-O Be7 8. a3
O-O 9. Re1 Nc6 10. Bc2 Rd8 11. Be3 b5 12. dxc5 Bxc5 13. Qxd5 Rxd5 14. Bxc5 Rxc5
15. Nbd2 Bb7 16. Ne4 Rd5 17. Nxf6+ gxf6 18. Rad1 Rad8 19. Rxd5 Rxd5 20. Rd1
Rxd1+ 21. Bxd1 Kf8 22. Kf1 Ke7 23. Ke2 Kd6 24. g4 h6 25. h4 Ne7 26. Kd3 Ng6 27.
h5 Nf4+ 28. Ke3 Nd5+ 29. Kd3 Nb6 30. b3 Nd7 31. Nd4 Kc5 32. f4 Kd6 33. Ke3 Kc7
1/2-1/2

[Event "ODJM A 2018"]
[Site "Willingen GER"]
[Date "2018.05.26"]
[Round "9"]
[White "Nguyen, Ha Thanh"]
[Black "Müller, Magnus"]
[Result "1/2-1/2"]
[Termination "normal"]
[Board "30"]
[WhiteElo "1882"]
[BlackElo "1782"]
[PlyCount "89"]
[WhiteFideId "12942154"]
[BlackFideId "16230060"]
[EventCountry "GER"]
[EventRounds "9"]
[EventType "swiss"]
[EventDate "2018.05.19"]

1. e4 e5 2. Nf3 Nc6 3. Bc4 Nf6 4. d3 h6 5. c3 d6 6. Nbd2 g6 7. Bb3 Bg7 8. O-O
O-O 9. Re1 Nd7 10. Nc4 Nc5 11. Bc2 Ne6 12. a4 a5 13. Ne3 Kh8 14. Nd5 f5 15.
exf5 gxf5 16. Kh1 b6 17. Bb1 Bb7 18. Ne3 f4 19. Nf1 Ng5 20. Nxg5 Qxg5 21. f3
Rae8 22. Qc2 Bc8 23. Qf2 Re7 24. Re2 Bf6 25. Ba2 Qh5 26. Bd2 Bh4 27. Qg1 Rg7
28. Be1 Bg3 29. Bxg3 fxg3 30. Rae1 Ne7 31. d4 Nf5 32. dxe5 Nh4 33. e6 Bb7 34.
e7 Re8 35. Nd2 Nf5 36. Nf1 gxh2 37. Qxh2 Bxf3 38. gxf3 Qxf3+ 39. Rg2 Nh4 40.
Ne3 Nxg2 41. Nxg2 Rexe7 42. Rxe7 Rxe7 43. Qh4 Qe4 44. Qf6+ Rg7 45. Qf1 1/2-1/2

[Event "ODJM A 2018"]
[Site "Willingen GER"]
[Date "2018.05.26"]
[Round "9"]
[White "Wachtel, Arthur"]
[Black "Gallasch, Robin"]
[Result "1/2-1/2"]
[Termination "normal"]
[Board "31"]
[WhiteElo "1932"]
[BlackElo "1752"]
[PlyCount "106"]
[WhiteFideId "12988510"]
[BlackFideId "16222423"]
[EventCountry "GER"]
[EventRounds "9"]
[EventType "swiss"]
[EventDate "2018.05.19"]

1. e4 c6 2. Nf3 d5 3. exd5 cxd5 4. Ne5 Nf6 5. d4 g6 6. c3 Bg7 7. f4 O-O 8. Bd3
Nbd7 9. O-O Qb6 10. Kh1 Nxe5 11. fxe5 Bg4 12. Qc2 Nd7 13. Nd2 Rac8 14. Nf3 e6
15. Qa4 Qc7 16. Bg5 Nb6 17. Qb4 Bf5 18. Be2 a6 19. h3 Nc4 20. Kg1 Rfe8 21. Rae1
h6 22. Bc1 b5 23. Qb3 Rb8 24. Nd2 Ne3 25. Rf3 Bc2 26. Qa3 Bf8 27. b4 Nc4 28.
Nxc4 bxc4 29. Ref1 a5 30. Qxa5 Qxa5 31. bxa5 Re7 32. R3f2 Be4 33. Re1 Bb1 34.
Ba3 Ra7 35. Bxf8 Kxf8 36. Ref1 Rbb7 37. Bg4 Kg7 38. Rxf7+ Rxf7 39. Rxb1 Rxa5
40. Bxe6 Re7 41. Rb6 Rxa2 42. Bxd5 Rc2 43. Bxc4 Rxc3 44. Be6 Rc2 45. Bg4 h5 46.
Bf3 Rd2 47. Rd6 Ra7 48. d5 Ra1+ 49. Kh2 Re1 50. Rd7+ Kf8 51. e6 h4 52. Rf7+ Ke8
53. Rf4 Rf1 1/2-1/2

[Event "ODJM A 2018"]
[Site "Willingen GER"]
[Date "2018.05.26"]
[Round "9"]
[White "Matthes, Aaron"]
[Black "Reucker, Friedrich"]
[Result "0-1"]
[Termination "normal"]
[Board "32"]
[WhiteElo "1689"]
[BlackElo "1882"]
[PlyCount "56"]
[WhiteFideId "16227310"]
[BlackFideId "12993670"]
[EventCountry "GER"]
[EventRounds "9"]
[EventType "swiss"]
[EventDate "2018.05.19"]

1. d4 Nf6 2. c4 c5 3. Nf3 cxd4 4. Nxd4 Nc6 5. Nc3 g6 6. e4 Nxd4 7. Qxd4 d6 8.
Be3 Bg7 9. Be2 O-O 10. Qd2 Bd7 11. O-O Bc6 12. f3 a5 13. Nd5 Nd7 14. Rab1 Nc5
15. Rfd1 Bxd5 16. cxd5 Qb6 17. b4 axb4 18. Rxb4 Qa5 19. Bxc5 Qxc5+ 20. Kh1 Rxa2
21. Qxa2 Qxb4 22. Rb1 Qc3 23. g3 Rc8 24. Rxb7 Bd4 25. Rb1 Qe3 26. Rf1 Rb8 27.
Bc4 Rb2 28. Qa5 Bc3 0-1

[Event "ODJM A 2018"]
[Site "Willingen GER"]
[Date "2018.05.26"]
[Round "9"]
[White "Klenk, Sofie"]
[Black "Fistoul, Boris"]
[Result "0-1"]
[Termination "normal"]
[Board "33"]
[WhiteElo "1898"]
[BlackElo "1953"]
[PlyCount "62"]
[WhiteFideId "12996653"]
[BlackFideId "12953962"]
[EventCountry "GER"]
[EventRounds "9"]
[EventType "swiss"]
[EventDate "2018.05.19"]

1. e4 e6 2. d4 b6 3. Nf3 Bb7 4. Bd3 c5 5. c3 Nf6 6. Qe2 Be7 7. O-O Nc6 8. dxc5
bxc5 9. e5 Nd5 10. Na3 O-O 11. Rd1 f6 12. exf6 Bxf6 13. Nc4 Qc7 14. Qe4 g6 15.
Qg4 Nce7 16. h4 Bg7 17. Bc2 a5 18. Ng5 Nf4 19. Bxf4 Rxf4 20. Rxd7 Rxg4 21. Rxc7
Rxg2+ 22. Kf1 Rf8 23. Nh3 Rh2 24. Rxb7 Rxh3 25. Kg2 Rhf3 26. Rf1 Nd5 27. Bd1
R3f4 28. Bb3 Rxh4 29. Nxa5 Nf4+ 30. Kg1 Rg4+ 31. Kh1 Rf5 0-1

[Event "ODJM A 2018"]
[Site "Willingen GER"]
[Date "2018.05.26"]
[Round "9"]
[White "Seref, Erdogan"]
[Black "Isler, Benjamin"]
[Result "0-1"]
[Termination "normal"]
[Board "34"]
[WhiteElo "1991"]
[BlackElo "1881"]
[PlyCount "144"]
[WhiteFideId "16206827"]
[BlackFideId "12975478"]
[EventCountry "GER"]
[EventRounds "9"]
[EventType "swiss"]
[EventDate "2018.05.19"]

1. e4 e6 2. d4 d5 3. Nd2 c5 4. exd5 Qxd5 5. Ngf3 cxd4 6. Bc4 Qd6 7. O-O Nf6 8.
Nb3 Nc6 9. Nbxd4 Nxd4 10. Nxd4 a6 11. Re1 Qc7 12. Qe2 Bd6 13. Bg5 O-O 14. Bxf6
gxf6 15. Bd3 f5 16. Qh5 Kh8 17. Nf3 f6 18. Rad1 b6 19. Nd4 Be5 20. c3 Rg8 21.
f3 Rg5 22. Qe8+ Rg8 23. Qh5 Rg5 24. Qh6 Rg6 25. Qf8+ Rg8 26. Qh6 Rg6 27. Qh3
Qg7 28. f4 Bxf4 29. Nxf5 Qc7 30. Nh4 Rh6 31. g3 Qc5+ 32. Kf1 Be3 33. Qg2 Ra7
34. Qe4 Bg5 35. Bc4 f5 36. Qd4+ Qxd4 37. Rxd4 Kg7 38. Nf3 Bf6 39. Rd6 b5 40.
Bb3 Be7 41. Rd2 Rc7 42. Nd4 Bg5 43. Rde2 e5 44. Rxe5 Rxh2 45. Nxf5+ Kf6 46. Kg1
Rxb2 47. g4 Rxc3 48. Bg8 Bf4 49. Re7 Bxf5 50. Rf7+ Kg6 51. gxf5+ Kh5 52. Rxh7+
Kg4 53. Rg7+ Bg5 54. f6 Rg3+ 55. Kh1 Kf5 56. Rxg5+ Kxg5 57. Rf1 Rgg2 58. Bd5
Rgf2 59. Rxf2 Rxf2 60. f7 Kg6 61. Bb7 a5 62. Bc6 b4 63. Be8 Rxf7 64. Kg2 Kg7
65. Ba4 Kf8 66. Bb3 Ke7 67. Kg3 Rf6 68. Bd5 Kd6 69. Bf3 Rxf3+ 70. Kxf3 a4 71.
Ke3 b3 72. axb3 a3 0-1

[Event "ODJM A 2018"]
[Site "Willingen GER"]
[Date "2018.05.26"]
[Round "9"]
[White "Hoffmann, Fabian"]
[Black "Langner, Jasper"]
[Result "1-0"]
[Termination "normal"]
[Board "36"]
[WhiteElo "1893"]
[BlackElo "1707"]
[PlyCount "113"]
[WhiteFideId "12964891"]
[BlackFideId "16202554"]
[EventCountry "GER"]
[EventRounds "9"]
[EventType "swiss"]
[EventDate "2018.05.19"]

1. e4 c6 2. d4 d5 3. e5 Bf5 4. g4 Be4 5. f3 Bg6 6. Bd3 Bxd3 7. Qxd3 e6 8. Be3
Nd7 9. Nc3 a6 10. Nge2 c5 11. Ng3 cxd4 12. Bxd4 Bc5 13. Bxc5 Nxc5 14. Qd4 Qc7
15. f4 Ne7 16. O-O-O O-O-O 17. Rhf1 b6 18. Rf3 g6 19. Nce2 Kb7 20. Ra3 Rc8 21.
Qc3 b5 22. Nd4 Qb6 23. Qf3 Nc6 24. Nxc6 Rxc6 25. Kb1 Rhc8 26. Re3 Ne4 27. Nxe4
dxe4 28. Qxe4 Ka7 29. c3 Rc4 30. Qf3 b4 31. cxb4 Rxb4 32. Rb3 Rxb3 33. Qxb3 Qc6
34. Qd3 Rc7 35. Qe3+ Kb7 36. Rc1 Qd5 37. Rxc7+ Kxc7 38. b3 Kb7 39. h3 a5 40.
Kb2 Qg2+ 41. Ka3 Qc2 42. Qd4 Qc6 43. Qc4 Qd7 44. Qc5 Qd2 45. Qe7+ Kb6 46. Qd6+
Qxd6+ 47. exd6 f5 48. gxf5 exf5 49. b4 axb4+ 50. Kxb4 Kc6 51. d7 Kxd7 52. Kc5
h6 53. h4 g5 54. fxg5 hxg5 55. hxg5 Ke6 56. Kd4 f4 57. Ke4 1-0

[Event "ODJM A 2018"]
[Site "Willingen GER"]
[Date "2018.05.26"]
[Round "9"]
[White "Bartelt, Max Peter"]
[Black "Gallasch, Jonas"]
[Result "0-1"]
[Termination "normal"]
[Board "37"]
[WhiteElo "1807"]
[BlackElo "1924"]
[PlyCount "142"]
[WhiteFideId "12967289"]
[BlackFideId "16222474"]
[EventCountry "GER"]
[EventRounds "9"]
[EventType "swiss"]
[EventDate "2018.05.19"]

1. d4 Nf6 2. Nf3 g6 3. g3 Bg7 4. Bg2 d5 5. O-O O-O 6. c4 c6 7. b3 Bf5 8. Bb2
Nbd7 9. Nc3 Re8 10. Ne5 Nb6 11. Re1 Be6 12. c5 Nbd7 13. f4 Bf5 14. b4 Qc7 15.
a4 h5 16. e3 Rad8 17. b5 Nxe5 18. fxe5 Ng4 19. h3 Nh6 20. Qe2 f6 21. exf6 Bxf6
22. Qf2 e5 23. a5 Rf8 24. a6 exd4 25. exd4 Qg7 26. Red1 Be6 27. axb7 Qxb7 28.
Bc1 Nf5 29. bxc6 Qb4 30. Ne2 Bg7 31. Rxa7 Kh8 32. c7 Rc8 33. Nf4 Bf7 34. Ba3
Qb3 35. Rd2 g5 36. c6 gxf4 37. Bxf8 Qb1+ 38. Bf1 Bxf8 39. Qxf4 Bh6 40. Qe5+ Kg8
41. Rf2 Be3 42. Qf6 Bxf2+ 43. Kxf2 Qb2+ 44. Kg1 Qxd4+ 45. Qxd4 Nxd4 46. Rb7
Nxc6 47. Bb5 Be8 48. Ba6 d4 49. Kf2 Kf8 50. Bb5 Ke7 51. Bxc6 Bxc6 52. Rb4 Bd7
53. g4 d3 54. Ke3 h4 55. Kxd3 Kf6 56. Rb7 Kg5 57. Ke3 Re8+ 58. Kf2 Rf8+ 59. Ke3
Rc8 60. Ra7 Re8+ 61. Kf2 Kf4 62. c8=Q Bxc8 63. Ra4+ Re4 64. Ra5 Rc4 65. Ra3
Rc2+ 66. Kg1 Bb7 67. Ra4+ Kg3 68. Ra3+ Bf3 69. Ra1 Rg2+ 70. Kf1 Rh2 71. g5 Rh1#
0-1

[Event "ODJM A 2018"]
[Site "Willingen GER"]
[Date "2018.05.26"]
[Round "9"]
[White "Meiwes, Thore"]
[Black "Schilay, Lorenz"]
[Result "1/2-1/2"]
[Termination "normal"]
[Board "38"]
[WhiteElo "1771"]
[BlackElo "1920"]
[PlyCount "77"]
[WhiteFideId "16201256"]
[BlackFideId "12930180"]
[EventCountry "GER"]
[EventRounds "9"]
[EventType "swiss"]
[EventDate "2018.05.19"]

1. d4 Nf6 2. Bf4 g6 3. Nc3 d5 4. e3 Bg7 5. h4 c6 6. Nf3 Bg4 7. Be2 h6 8. Ne5
Bxe2 9. Qxe2 Nbd7 10. O-O-O Nxe5 11. Bxe5 Kf8 12. f3 b5 13. Qf2 Qa5 14. Kb1 Nd7
15. Bxg7+ Kxg7 16. g4 Nb6 17. Ne2 Nc4 18. Nc1 Qb4 19. Nd3 Qd6 20. Rde1 a5 21.
f4 b4 22. h5 a4 23. hxg6 fxg6 24. b3 axb3 25. cxb3 Nb6 26. Nc5 Nd7 27. Rc1 Nxc5
28. Rxc5 Qe6 29. Qf3 Ra6 30. Rh2 Rha8 31. Rcc2 Ra3 32. Qh3 Rh8 33. f5 Qe4 34.
fxg6 Qxg6 35. g5 h5 36. Qg3 Rha8 37. Qe5+ Kg8 38. Kc1 R3a7 39. Rhf2 1/2-1/2

[Event "ODJM A 2018"]
[Site "Willingen GER"]
[Date "2018.05.26"]
[Round "9"]
[White "Brandl, Lea Maria"]
[Black "Herbrig, Marie-Helén"]
[Result "1-0"]
[Termination "normal"]
[Board "39"]
[WhiteElo "1932"]
[BlackElo "1909"]
[PlyCount "143"]
[WhiteFideId "24693049"]
[BlackFideId "12900427"]
[EventCountry "GER"]
[EventRounds "9"]
[EventType "swiss"]
[EventDate "2018.05.19"]

1. d4 Nf6 2. c4 e6 3. Nc3 Bb4 4. Qc2 b6 5. a3 Bxc3+ 6. Qxc3 Ne4 7. Qc2 Bb7 8.
Nf3 a5 9. e3 O-O 10. Bd3 f5 11. O-O a4 12. Ne1 Qh4 13. f3 Ng5 14. Qf2 Qh5 15.
Be2 Qg6 16. Qg3 d6 17. Kh1 Nc6 18. Nd3 Qf6 19. Bd2 Na5 20. e4 Nf7 21. e5 Qe7
22. exd6 cxd6 23. Bxa5 Rxa5 24. Rac1 Rc8 25. Nb4 e5 26. d5 Rac5 27. Rc3 Nh6 28.
Rfc1 f4 29. Qe1 Nf5 30. Nd3 R5c7 31. Bd1 Ra8 32. Nf2 Qh4 33. h3 Rf7 34. Qd2 Rf6
35. Ng4 Rg6 36. Bc2 Ng3+ 37. Kh2 Rg5 38. Bd3 h5 39. Nf2 Ne2 40. Ne4 Nxc1 41.
Rxc1 Rg6 42. Kh1 Bc8 43. Bf1 Bf5 44. Qe2 Rc8 45. Rc3 Rh6 46. b3 g5 47. Nxd6 Rf8
48. Nxf5 Rxf5 49. Kg1 Qg3 50. Qf2 Qxf2+ 51. Kxf2 g4 52. hxg4 hxg4 53. fxg4 Rg5
54. Be2 e4 55. b4 Kf7 56. c5 bxc5 57. bxc5 Rh8 58. d6 Rb8 59. c6 Rgg8 60. c7
Rbc8 61. Bc4+ Kg7 62. Bxg8 e3+ 63. Ke2 Rxg8 64. c8=Q Rxc8 65. Rxc8 Kf6 66. d7
Kg5 67. d8=Q+ Kxg4 68. Qg8+ Kf5 69. Rc5+ Kf6 70. Qg5+ Ke6 71. Qe5+ Kf7 72. Rc7+
1-0

[Event "ODJM A 2018"]
[Site "Willingen GER"]
[Date "2018.05.26"]
[Round "9"]
[White "Lohr, Maximilian"]
[Black "Perkampus, Laurin"]
[Result "1-0"]
[Termination "normal"]
[Board "40"]
[WhiteElo "1876"]
[BlackElo "1628"]
[PlyCount "101"]
[WhiteFideId "12999717"]
[BlackFideId "16232283"]
[EventCountry "GER"]
[EventRounds "9"]
[EventType "swiss"]
[EventDate "2018.05.19"]

1. e4 c5 2. Nf3 d6 3. d4 cxd4 4. Nxd4 Nf6 5. Nc3 g6 6. Be3 Bg7 7. f3 O-O 8. Qd2
Nc6 9. O-O-O Nxd4 10. Bxd4 Be6 11. Kb1 Qc7 12. h4 Rfc8 13. h5 Qa5 14. hxg6 hxg6
15. a3 Bc4 16. Bxf6 Bxf6 17. Nd5 Qxd2 18. Nxf6+ Kg7 19. Nh5+ gxh5 20. Rxd2 Bxf1
21. Rxf1 Rc5 22. b4 Re5 23. Rfd1 Kf6 24. Rd5 Ke6 25. Rxe5+ dxe5 26. Kb2 Rg8 27.
Rd2 b5 28. Kb3 Rc8 29. a4 a6 30. axb5 axb5 31. Rd5 Rb8 32. c4 bxc4+ 33. Kxc4
Rc8+ 34. Kb3 f5 35. b5 Rc1 36. Rd2 fxe4 37. fxe4 Rb1+ 38. Kc4 Kf6 39. Kc5 Kg5
40. Rf2 Kg4 41. Rf3 Rb2 42. b6 Rxg2 43. Rb3 Kf4 44. b7 Rg8 45. b8=Q Rxb8 46.
Rxb8 Kxe4 47. Rh8 Kf3 48. Rxh5 e4 49. Kd4 e5+ 50. Rxe5 e3 51. Rxe3+ 1-0

[Event "ODJM A 2018"]
[Site "Willingen GER"]
[Date "2018.05.26"]
[Round "9"]
[White "Wissing, Philipp"]
[Black "Petersen, Finn Christopher"]
[Result "1/2-1/2"]
[Termination "normal"]
[Board "41"]
[WhiteElo "1802"]
[BlackElo "1821"]
[PlyCount "41"]
[WhiteFideId "12993654"]
[BlackFideId "12964840"]
[EventCountry "GER"]
[EventRounds "9"]
[EventType "swiss"]
[EventDate "2018.05.19"]

1. g3 g6 2. Bg2 d6 3. e4 Bg7 4. Ne2 Nc6 5. Nbc3 e5 6. d3 f5 7. f4 Nf6 8. Be3
O-O 9. O-O Be6 10. Kh1 Qd7 11. Qd2 Rae8 12. fxe5 dxe5 13. Bh6 Ng4 14. Bxg7 Kxg7
15. Rae1 b6 16. a3 Na5 17. Nd1 fxe4 18. Bxe4 Bd5 19. Nec3 c6 20. Ne3 Bxe4+ 21.
Nxe4 1/2-1/2

[Event "ODJM B 2018"]
[Site "Willingen GER"]
[Date "2018.05.20"]
[Round "1"]
[White "Brunner, Tobias"]
[Black "Riegler, Moritz"]
[Result "1/2-1/2"]
[Termination "normal"]
[Board "1"]
[WhiteElo "1919"]
[BlackElo "1606"]
[WhiteClock "00:09:32"]
[BlackClock "00:11:19"]
[PlyCount "75"]
[WhiteFideId "12949833"]
[BlackFideId "16266030"]
[EventCountry "GER"]
[EventRounds "9"]
[EventType "swiss"]
[EventDate "2018.05.19"]

1. e4 e6 2. d4 d5 3. exd5 exd5 4. Bd3 Bd6 5. Ne2 Ne7 6. Bg5 O-O 7. c3 { [%clk
1:28:40]} 7... f6 {[%clk 1:27:31]} 8. Bh4 {[%clk 1:28:16]} 8... Bf5 { [%clk
1:26:55]} 9. Bg3 {[%clk 1:24:45]} 9... c6 {[%clk 1:17:06]} 10. Bxf5 { [%clk
1:19:28]} 10... Nxf5 {[%clk 1:17:32]} 11. Qd3 {[%clk 1:19:51]} 11... Ne7 {[%clk
1:06:17]} 12. Nd2 {[%clk 1:19:26]} 12... f5 {[%clk 1:05:09]} 13. f4 { [%clk
1:11:46]} 13... Nd7 {[%clk 0:57:05]} 14. Nf3 {[%clk 1:10:21]} 14... Nf6 { [%clk
0:53:08]} 15. Ne5 {[%clk 1:04:03]} 15... Qb6 {[%clk 0:49:44]} 16. Qc2 { [%clk
0:57:27]} 16... Qc7 {[%clk 0:45:28]} 17. Bh4 {[%clk 0:57:26]} 17... Ne4 { [%clk
0:45:12]} 18. h3 {[%clk 0:54:07]} 18... Ng6 {[%clk 0:42:56]} 19. Bg3 { [%clk
0:51:16]} 19... Nxg3 {[%clk 0:41:34]} 20. Nxg3 {[%clk 0:43:22]} 20... Nxf4
{[%clk 0:41:15]} 21. O-O {[%clk 0:43:13]} 21... Bxe5 {[%clk 0:35:42]} 22. dxe5
{[%clk 0:43:34]} 22... Qxe5 {[%clk 0:35:45]} 23. Rae1 {[%clk 0:43:34]} 23...
Qc7 {[%clk 0:34:13]} 24. Nxf5 {[%clk 0:43:18]} 24... Rae8 {[%clk 0:32:13] } 25.
Rxe8 {[%clk 0:35:45]} 25... Rxe8 {[%clk 0:32:38]} 26. Qf2 {[%clk 0:35:38] }
26... Ne2+ {[%clk 0:18:31]} 27. Kh1 {[%clk 0:34:13]} 27... a6 {[%clk 0:18:37] }
28. Qf3 {[%clk 0:23:34]} 28... g6 {[%clk 0:15:30]} 29. Nd6 {[%clk 0:18:27]}
29... Rd8 {[%clk 0:13:17]} 30. Qxe2 {[%clk 0:18:10]} 30... Qxd6 {[%clk 0:13:32]
} 31. Re1 {[%clk 0:17:51]} 31... Rf8 {[%clk 0:13:36]} 32. Qg4 {[%clk 0:14:54]}
32... Qf6 {[%clk 0:13:03]} 33. Qd7 {[%clk 0:13:18]} 33... Qf7 {[%clk 0:12:14]}
34. Re7 {[%clk 0:12:38]} 34... Qf1+ {[%clk 0:12:12]} 35. Kh2 {[%clk 0:13:01]}
35... Qf4+ {[%clk 0:12:33]} 36. Kh1 {[%clk 0:13:24]} 36... Qh6 {[%clk 0:11:02]}
37. Qe6+ {[%clk 0:10:16]} 37... Kh8 {[%clk 0:11:19]} 38. Qe5+ {[%clk 0:09:32]}
1/2-1/2

[Event "ODJM B 2018"]
[Site "Willingen GER"]
[Date "2018.05.20"]
[Round "1"]
[White "Grob, Marvin"]
[Black "Adelmeyer, Matti"]
[Result "1-0"]
[Termination "normal"]
[Board "2"]
[WhiteElo "1774"]
[BlackElo "1733"]
[WhiteClock "00:01:59"]
[BlackClock "00:01:38"]
[PlyCount "77"]
[WhiteFideId "16247817"]
[BlackFideId "12962520"]
[EventCountry "GER"]
[EventRounds "9"]
[EventType "swiss"]
[EventDate "2018.05.19"]

1. e4 {[%clk 1:30:54]} 1... e5 {[%clk 1:30:46]} 2. d4 {[%clk 1:31:07]} 2...
exd4 {[%clk 1:30:34]} 3. c3 {[%clk 1:31:17]} 3... d3 {[%clk 1:26:36]} 4. c4 {
[%clk 1:22:37]} 4... Nc6 {[%clk 1:23:20]} 5. Be3 {[%clk 1:17:10]} 5... Nf6 {
[%clk 1:15:28]} 6. Bxd3 {[%clk 1:13:52]} 6... Bb4+ {[%clk 1:10:18]} 7. Nc3 {
[%clk 1:14:00]} 7... Bxc3+ {[%clk 1:04:00]} 8. bxc3 {[%clk 1:14:18]} 8... h6 {
[%clk 0:58:56]} 9. Ne2 {[%clk 1:09:02]} 9... O-O {[%clk 0:54:54]} 10. O-O {
[%clk 1:07:35]} 10... Re8 {[%clk 0:35:12]} 11. f3 {[%clk 1:05:05]} 11... d6 {
[%clk 0:33:36]} 12. Nd4 {[%clk 0:48:45]} 12... Ne5 {[%clk 0:32:44]} 13. Rb1 {
[%clk 0:40:18]} 13... c5 {[%clk 0:26:29]} 14. Nf5 {[%clk 0:14:35]} 14... Bxf5 {
[%clk 0:23:04]} 15. exf5 {[%clk 0:15:02]} 15... b6 {[%clk 0:19:50]} 16. Re1 {
[%clk 0:10:23]} 16... Qd7 {[%clk 0:15:25]} 17. Bf4 {[%clk 0:08:47]} 17... Rad8
{[%clk 0:10:35]} 18. Bxe5 {[%clk 0:07:57]} 18... dxe5 {[%clk 0:06:47]} 19. Be4
{[%clk 0:05:13]} 19... Qd2 {[%clk 0:04:32]} 20. Qb3 {[%clk 0:04:48]} 20... Nxe4
{[%clk 0:03:04]} 21. fxe4 {[%clk 0:03:49]} 21... Qg5 {[%clk 0:03:06]} 22. Rbd1
{[%clk 0:03:43]} 22... Rd2 {[%clk 0:03:09]} 23. Rxd2 {[%clk 0:01:22]} 23...
Qxd2 {[%clk 0:03:35]} 24. Rd1 {[%clk 0:01:04]} 24... Qe3+ {[%clk 0:03:57]} 25.
Kh1 {[%clk 0:01:02]} 25... Qxe4 {[%clk 0:04:13]} 26. Qb5 {[%clk 0:01:11]} 26...
Re7 {[%clk 0:03:32]} 27. Rf1 {[%clk 0:00:54]} 27... Qd3 {[%clk 0:03:33]} 28.
Qb1 {[%clk 0:00:39]} 28... Qxc3 {[%clk 0:02:40]} 29. f6 {[%clk 0:00:59]} 29...
Re6 {[%clk 0:01:54]} 30. fxg7 {[%clk 0:00:57]} 30... Kxg7 {[%clk 0:01:27]} 31.
Qf5 {[%clk 0:00:55]} 31... Re7 {[%clk 0:00:51]} 32. Qf6+ {[%clk 0:01:14]} 32...
Kg8 {[%clk 0:00:41]} 33. Qxe7 {[%clk 0:01:32]} 33... Qxc4 {[%clk 0:01:04]} 34.
Qe8+ {[%clk 0:01:36]} 34... Kg7 {[%clk 0:01:11]} 35. Qxe5+ {[%clk 0:01:57]}
35... Kg8 {[%clk 0:01:18]} 36. Rd1 {[%clk 0:01:39]} 36... Qxa2 {[%clk 0:00:45]}
37. Rd8+ {[%clk 0:01:29]} 37... Kh7 {[%clk 0:01:11]} 38. Rh8+ {[%clk 0:01:38]}
38... Kg6 {[%clk 0:01:38]} 39. Rg8+ {[%clk 0:01:59]} 1-0

[Event "ODJM B 2018"]
[Site "Willingen GER"]
[Date "2018.05.20"]
[Round "1"]
[White "Rothenberg, Jannik"]
[Black "Leßmann, Sönke"]
[Result "1-0"]
[Termination "normal"]
[Board "3"]
[WhiteElo "1678"]
[BlackElo "1656"]
[WhiteClock "00:13:27"]
[BlackClock "00:01:47"]
[PlyCount "59"]
[WhiteFideId "16204743"]
[BlackFideId "16222520"]
[EventCountry "GER"]
[EventRounds "9"]
[EventType "swiss"]
[EventDate "2018.05.19"]

1. d4 {[%clk 1:30:56]} 1... Nf6 {[%clk 1:30:48]} 2. c4 {[%clk 1:31:13]} 2... e6
{[%clk 1:31:12]} 3. Nc3 {[%clk 1:31:23]} 3... Bb4 {[%clk 1:31:21]} 4. Qc2 {
[%clk 1:31:38]} 4... O-O {[%clk 1:30:47]} 5. a3 {[%clk 1:31:00]} 5... Bxc3+ {
[%clk 1:29:39]} 6. Qxc3 {[%clk 1:30:27]} 6... d5 {[%clk 1:26:19]} 7. Bg5 {
[%clk 1:25:30]} 7... Nbd7 {[%clk 1:24:32]} 8. e3 {[%clk 1:24:10]} 8... c6 {
[%clk 1:20:22]} 9. Nf3 {[%clk 1:21:25]} 9... Qc7 {[%clk 1:11:53]} 10. Bf4 {
[%clk 1:20:02]} 10... Qd8 {[%clk 1:08:22]} 11. Qc2 {[%clk 1:18:05]} 11... Ne4 {
[%clk 1:03:51]} 12. Bd3 {[%clk 1:16:06]} 12... Ndf6 {[%clk 1:02:05]} 13. Nd2 {
[%clk 1:12:30]} 13... Nxd2 {[%clk 0:57:49]} 14. Qxd2 {[%clk 1:11:51]} 14... h6
{[%clk 0:56:29]} 15. O-O {[%clk 1:08:11]} 15... Qe7 {[%clk 0:45:29]} 16. c5 {
[%clk 1:02:33]} 16... Rd8 {[%clk 0:34:19]} 17. Qc2 {[%clk 0:56:02]} 17... Ne8 {
[%clk 0:27:13]} 18. b4 {[%clk 0:53:19]} 18... f6 {[%clk 0:22:13]} 19. Qb2 {
[%clk 0:50:40]} 19... Qf7 {[%clk 0:19:13]} 20. a4 {[%clk 0:47:57]} 20... Bd7 {
[%clk 0:16:08]} 21. b5 {[%clk 0:45:25]} 21... g5 {[%clk 0:13:00]} 22. Bg3 {
[%clk 0:42:49]} 22... h5 {[%clk 0:12:16]} 23. h3 {[%clk 0:41:34]} 23... Rdc8 {
[%clk 0:10:54]} 24. Rfb1 {[%clk 0:34:18]} 24... Nc7 {[%clk 0:07:48]} 25. b6 {
[%clk 0:31:55]} 25... Ne8 {[%clk 0:05:55]} 26. Ba6 {[%clk 0:19:12]} 26... axb6
{[%clk 0:02:25]} 27. Bxb7 {[%clk 0:18:42]} 27... bxc5 {[%clk 0:01:49]} 28. Bxa8
{[%clk 0:16:21]} 28... Rxa8 {[%clk 0:02:17]} 29. Qb7 {[%clk 0:15:18]} 29... Rc8
{[%clk 0:01:47]} 30. a5 {[%clk 0:13:27]} 1-0